| 000 | 00356nam a2200145Ia 4500 | ||
|---|---|---|---|
| 008 | 150201s2007 xx 000 0 und d | ||
| 082 |
_a617.966 _bH2007M |
||
| 100 | _aMALAMED,STANLEY F. | ||
| 245 | _aHAND BOOK OF LOCAL ANESTHESIA | ||
| 250 | _a5TH | ||
| 260 |
_bELSEVIER _aDELHI _c2007 |
||
| 300 | _a1-400 | ||
| 650 | _aORAL SURGERY | ||
| 942 |
_2ddc _cBK _063 |
||
| 999 |
_c3708 _d3708 |
||